Cartas de relación

Shranjeno v:
Bibliografske podrobnosti
Glavni avtor: Cortés, Hernán (Author)
Format: Knjiga
Jezik:španščina
Izdano: Ciudad de México Porrua 1978
Izdaja:10a. ed
Serija:Sepan cuántos, 7
Teme:
Oznake: Označite
Brez oznak, prvi označite!

MARC

LEADER 00000nam a2200000 a 4500
001 UCY2249
003 CL-VaPUC
008 941019e19780000MX |||||||||||||||||spa|d
082 0 4 |a 972.02  |b COR  |2 21 
100 0 |a Cortés, Hernán  |e author  |9 258554 
245 1 0 |a Cartas de relación 
250 |a 10a. ed 
300 |a 330 p 
942 |c BK 
945 |d 19941019 00:00:00  |a mfernand 
260 |a Ciudad de México  |b Porrua  |c 1978 
650 0 |a Historia  |9 255047 
650 7 |a CONQUISTA 1517-1521  |2 CL-VaPUC  |9 319677 
651 0 |a México  |9 255269 
583 |a last modification  |c 19941019 00:00:00  |k Rodrigo Vera 
490 0 |a Sepan cuántos, 7 
999 |c 230710  |d 230708 
952 |0 0  |1 0  |4 0  |6 972_020000000000000_COR_1978  |7 0  |8 P  |9 233191  |a BIBARQ  |b BIBARQ  |d 2019-11-15  |i 3027694  |o 972.02 COR 1978  |p 3027694  |r 2025-01-20  |w 2019-11-15  |y BK  |k ARQ 
952 |0 0  |1 0  |4 0  |6 972_020000000000000_COR_1978  |7 0  |8 P  |9 233192  |a BIBARQ  |b BIBARQ  |d 2019-11-15  |i 3437108  |o 972.02 COR 1978  |p 3437108  |r 2025-01-20  |w 2019-11-15  |y BK  |k ARQ